Normal view
MARC view
Entry Personal Name
001 - CONTROL NUMBER
- control field: 17110
003 - CONTROL NUMBER IDENTIFIER
- control field: VITAP
005 - DATE AND TIME OF LATEST TRANSACTION
- control field: 20260218150805.0
008 - FIXED-LENGTH DATA ELEMENTS
- fixed length control field: 260218|| aca||aabn | a|a d
040 ## - CATALOGING SOURCE
- Original cataloging agency: VITAP
100 ## - HEADING--PERSONAL NAME
- Personal name: Lasrado, Allan Ed.